| 000 | 00496nam a22001817a 4500 | ||
|---|---|---|---|
| 003 | NUST - PNEC | ||
| 005 | 20170116180817.0 | ||
| 008 | 150609b xxu||||| |||| 00| 0 eng d | ||
| 020 | _a- | ||
| 040 | _cLIBRARY | ||
| 082 | _a355.9549 GHQ | ||
| 100 |
_93785 _aGHQ Rawalpindi |
||
| 245 |
_aThe Crystal No.17-Vol II _cGeneral Headquarter Rawalpindi |
||
| 260 |
_aRawalpindi: _bGHQ, Rawalpindi, |
||
| 300 |
_avarious pagings: _c25 cm. |
||
| 650 |
_93786 _aPakistan Army _xGeneral |
||
| 942 |
_2ddc _cBK |
||
| 999 |
_c63583 _d63583 |
||